Jake Gyllenhaal Movies - Statistics

General Stats
  • This quiz has been taken 567 times
  • The average score is 6 of 22
Answer Stats
Hint Answer % Correct
2001 Donnie Darko
82%
2005 Brokeback Mountain
70%
2005 Jarhead
44%
2010 Love and Other Drugs
44%
2007 Zodiac
42%
2010 Prince of Persia: The Sands of Time
40%
2011 Source Code
36%
2004 The Day After Tomorrow
35%
1999 October Sky
31%
2001 Bubble Boy
30%
2009 Brothers
26%
1991 City Slickers
18%
2002 The Good Girl
18%
2007 Rendition
17%
2002 Moonlight Mile
13%
2005 Proof
13%
2002 Highway
11%
1993 A Dangerous Woman
9%
2001 Lovely & Amazing
8%
1998 Homegrown
6%
1993 Josh and S.A.M.
6%
2003 Abby Singer
2%
No matching quizzes found
Score Distribution
Percent of People with Each Score
Percentile by Number Answered
Your Score History
You have not taken this quiz